| 000 | 00572nam a22001937a 4500 | ||
|---|---|---|---|
| 999 |
_c18530 _d18530 |
||
| 003 | BDDh-ASL | ||
| 005 | 20231015025719.0 | ||
| 008 | 201013s1985 e ||||| |||| 00| 0 eng d | ||
| 040 |
_aBDDh-ASL _cBDDh-ASL |
||
| 082 |
_a954 _bGRV |
||
| 100 | 1 |
_91357 _aGriffiths, Percival |
|
| 245 | 1 | 0 |
_aVignettes of India _cby Percival Griffiths. |
| 260 |
_aGreat Britain: _bTypeset at the Spartan Press, _c1985. |
||
| 300 |
_a218 p. : _c23 cm. |
||
| 500 | _aIncludes index. | ||
| 651 | 0 |
_9722 _aIndia _xPolitics and Government |
|
| 651 | 0 |
_9722 _aIndia _xHistory |
|
| 942 |
_2ddc _cBK |
||